| 000 | 00924cab a2200241 4500 | ||
|---|---|---|---|
| 001 | ABS45871 | ||
| 008 | 090401t1992 xxu||||| |||| 00| 0 eng d | ||
| 035 | _a(Sirsi) u55617 | ||
| 041 | _aeng | ||
| 100 | _aCatt, R. | ||
| 245 | _aBearing the past in mind | ||
| 260 | _c1992 | ||
| 350 | _a0 | ||
| 490 |
_aCS Monthly _bthe Building Surveyor _v1(5) February 1992, 11(1) |
||
| 520 | _aBriefly considers the legal implications of the discovery of archaeological remains on building sites under the Ancient Monuments and Archaeological Areas Act 1979 and looks at the practice guidance available, including the DOE`s Planning policy guidance: archaeology and planning (PPG 16). | ||
| 650 | _aANCIENT MONUMENTS AND ARCHAEOLOGICAL AREAS ACT 1979 | ||
| 650 | _aARCHAEOLOGICAL REMAINS | ||
| 650 | _aARCHAEOLOGY | ||
| 690 | _aCONSERVATION | ||
| 690 | _aPROPERTY-PROPERTY DEVELOPMENT | ||
| 942 | _n0 | ||
| 948 | _c04/03/1997 | ||
| 999 |
_c33993 _d33993 |
||